European Transport Research Review

Saved in:
Bibliographic Details
Format: Serial
Language:English
Published: Berlin Springer-Verlag
Tags: Add Tag
No Tags, Be the first to tag this record!

MARC

LEADER 00000nas1a2200000 4500
001 0270039
005 20250701092106.0
022 |a 1866-8887 
022 |a 1867-0717 
041 0 |a eng 
044 |a DE 
245 1 0 |a European Transport Research Review 
264 1 |a Berlin  |b Springer-Verlag